Marx in his own words

Wedi'i Gadw mewn:
Manylion Llyfryddiaeth
Prif Awdur: Fischer, Ernst
Fformat: Llyfr
Iaith:Undetermined
Cyhoeddwyd: New York Penguin Books 1970
Pynciau:
Tagiau: Ychwanegu Tag
Dim Tagiau, Byddwch y cyntaf i dagio'r cofnod hwn!
Thư viện lưu trữ: Trung tâm Học liệu Trường Đại học Cần Thơ
LEADER 00496nam a2200193Ia 4500
001 CTU_80402
008 210402s9999 xx 000 0 und d
082 |a 335.4 
082 |b F533 
100 |a Fischer, Ernst 
245 0 |a Marx in his own words 
245 0 |c Ernst Fischer 
260 |a New York 
260 |b Penguin Books 
260 |c 1970 
650 |a Marx, karl, 1818-1883 
650 |x Economics 
904 |i Trọng Hải 
980 |a Trung tâm Học liệu Trường Đại học Cần Thơ